| 000 | 00688cam a2200229 a 4500 | ||
|---|---|---|---|
| 001 | 000014361 | ||
| 005 | 20250314135209.0 | ||
| 008 | 800102s1979 ve 001 0 spa | ||
| 020 | _cBs16.00 | ||
| 040 |
_aDO-SdBNP _cDLC _dDLC |
||
| 082 |
_a320.5 _bS942c |
||
| 100 | 1 |
_aSucre Figarella, José Francisco, _d1931- _932428 |
|
| 245 | 1 | 0 |
_aCuál civilización, cuál ideología? / _cJosé Francisco Sucre. |
| 260 |
_aCaracas : _bMonte Ávila Editores, _c1979. |
||
| 300 |
_a181 p. ; _c18 cm. |
||
| 490 | 1 | _aDocumentos | |
| 650 | 4 |
_aActitudes políticas _96490 |
|
| 650 | 0 |
_aCiencia política _95772 |
|
| 830 | 0 |
_aDocumentos ; _91047 |
|
| 910 | _aCatalogación derivada | ||
| 049 | _aBNGR | ||
| 999 |
_c13953 _d13953 |
||